| 000 | 00699nam a2200121Ia 4500 | ||
|---|---|---|---|
| 008 | 171212s9999 xx 000 0 und d | ||
| 020 | _a9780833084934 | ||
| 100 | _aDavis, Lois M.;Steele, Jennifer L.;Bozick, Robert;Williams, Malcolm V.;Turner, Susan;Miles, Jeremy N. V.;Saunders, Jessica;Steinberg, Paul S. | ||
| 245 |
_cDavis, Lois M.;Steele, Jennifer L.;Bozick, Robert;Williams, Malcolm V.;Turner, Susan;Miles, Jeremy N. V.;Saunders, Jessica;Steinberg, Paul S. _aHow Effective Is Correctional Education, and Where Do We Go from Here? The Results of a Comprehensive Evaluation |
||
| 260 |
_bRAND Corporation _c2014 |
||
| 650 | _aEducation | ||
| 856 | _uhttp://www.jstor.org/stable/10.7249/j.ctt6wq8mt | ||
| 999 |
_c352154 _d352154 |
||